| 000 | 00927cam a2200289 i 4500 | ||
|---|---|---|---|
| 001 | 200462287 | ||
| 003 | TR-AnTOB | ||
| 005 | 20241114171709.0 | ||
| 007 | ta | ||
| 008 | 240816s1999 tu ad 001 0 tur d | ||
| 020 | _a9759624524 | ||
| 040 |
_aTR-AnTOB _beng _erda _cTR-AnTOB |
||
| 041 | 0 | _atur | |
| 060 | 4 |
_aWS 421 _bY95 1999 |
|
| 096 |
_aWS421 _bY95 1999 TıpFaK |
||
| 100 | 1 |
_aYurdakök, Murat _eauthor _9105515 |
|
| 245 | 1 | 0 |
_aYenidoğanın mekanik ventilasyonu / _cMurat Yurdakök. |
| 264 | 1 |
_aAnkara : _bHacettepe Universitesi Tıp Fakültesi Çocuk Sağlığı ve Hastalıkları Anabilim Dalı, _c1999. |
|
| 300 |
_axi, 324 pages : _billustrations, tables ; _c19 cm |
||
| 336 |
_atext _btxt _2rdacontent |
||
| 337 |
_aunmediated _bn _2rdamedia |
||
| 338 |
_avolume _bnc _2rdacarrier |
||
| 504 | _aBIBINDX | ||
| 650 | 2 |
_aInfant, Newborn, Diseases _xtherapy _9142992 |
|
| 942 |
_2NLM _cBK |
||
| 999 |
_c200462287 _d80499 |
||